Stratégie pre transformáciu miest Európskej únie na dosiahnutie udržateľnosti bakalárska práca

Enregistré dans:
Détails bibliographiques
Auteur principal: Gajarská, Emma
Collectivité auteur: Fakulta medzinárodných vzťahov EU. Katedra medzinárodných ekonomických vzťahov a hospodárskej diplomacie
Autres auteurs: Černota, Mikuláš, 1979-
Format: Livre
Langue:slovaque
Publié: Bratislava 2022
Tags: Ajouter un tag
Pas de tags, Soyez le premier à ajouter un tag!

MARC

LEADER 00000nbm a2200000 4500
001 0285213
005 20230414111150.0
041 0 |a slo 
044 |a SK 
245 1 0 |a Stratégie pre transformáciu miest Európskej únie na dosiahnutie udržateľnosti  |b bakalárska práca  |c Emma Gajarská ; školiteľ: Mikuláš Černota 
264 1 |a Bratislava  |c 2022 
300 |a 60 s. 
100 1 |a Gajarská, Emma 
700 1 |a Černota, Mikuláš, 1979- 
710 2 |a Fakulta medzinárodných vzťahov EU. Katedra medzinárodných ekonomických vzťahov a hospodárskej diplomacie